Téllez

Đã lưu trong:
Chi tiết về thư mục
Tác giả chính: Tuer, Dot (Tác giả)
Định dạng: Sách
Ngôn ngữ:Tiếng Tây Ban Nha
Tiếng Anh
Tiếng Pháp
Được phát hành: Santiago Mario Fonseca 1992
Những chủ đề:
Các nhãn: Thêm thẻ
Không có thẻ, Là người đầu tiên thẻ bản ghi này!

MARC

LEADER 00000nam a2200000 a 4500
001 UCM8886
003 CL-VaPUC
008 030404e19920000CL |||||||||||||||||spa|d
041 0 7 |a spa  |2 CL-VaPUC 
041 0 7 |a eng  |2 CL-VaPUC 
041 0 7 |a fre  |2 CL-VaPUC 
082 0 4 |a 759.983  |b TUE  |2 21 
100 0 |a Tuer, Dot  |e author  |9 475168 
245 1 0 |a Téllez 
300 |a pág. irreg 
942 |c BK 
945 |d 20030404 00:00:00  |a cmena 
260 |a Santiago  |b Mario Fonseca  |c 1992 
600 0 7 |a TELLEZ, EUGENIO  |2 CL-VaPUC  |9 475169 
650 0 |a Pintura chilena  |9 266171 
650 0 |a Pintores chilenos Siglo 20  |9 314455 
583 |a last modification  |c 20030404 00:00:00  |k Rodrigo Vera 
999 |c 303302  |d 303300 
952 |0 0  |1 0  |4 0  |6 759_983000000000000_TUE_1992  |7 0  |8 R  |9 364509  |a BIBART  |b BIBART  |d 2019-11-21  |i 388922K  |l 1  |o 759.983 TUE 1992  |p 388922K  |r 2025-03-13  |s 2023-10-04  |w 2019-11-21  |y BK_R  |k ART